| 000 | 00355nam a22001217a 4500 | ||
|---|---|---|---|
| 040 | _cASAB | ||
| 082 | _a620.11 | ||
| 245 |
_aAgricultural Biomass Based Potential Materials/ _beditor: Khalid Rehman Hakeem,Mohammad Jawaid and Othman Y. Alothman. |
||
| 250 | _aFirst Edition | ||
| 260 |
_aSwitzerland _bSpringer _c2015 |
||
| 300 | _a505p. | ||
| 942 |
_2ddc _cBK |
||
| 999 |
_c615731 _d615731 |
||